Normal view
MARC view
Entry Personal Name
001 - CONTROL NUMBER
- control field: 48207
003 - CONTROL NUMBER IDENTIFIER
- control field: ARRUPE
005 - DATE AND TIME OF LATEST TRANSACTION
- control field: 20190920122136.0
008 - FIXED-LENGTH DATA ELEMENTS
- fixed length control field: 190920|| aca||aabn | a|a d
040 ## - CATALOGING SOURCE
- Original cataloging agency: ARRUPE
- Transcribing agency: ARRUPE
100 ## - HEADING--PERSONAL NAME
- Personal name: MUcheki, Rosemary
670 ## - SOURCE DATA FOUND
- Source citation: Work cat.: (ARRUPE): MUcheki, Rosemary, An appreciation of Dewey's pragmatic problem-solving method to correct Zimbabwe's problem of inequality in education, 2014